00349nam a22001097a 4500020000800000040001600008082001700024100002600041245009400067260004100161300003700202 qHB. cFIZZA ISHAQ a340.092bWHI aWhitehead , John W.  aSlaying Dragons: The Truth Behind the Man Who Defended Paula Jones /c John W. Whitehead. aNew York:bThomas Nelson Inc,c1999. a338 P. ;c6 x 1.25 x 8.75 inches